[Event "37th Zurich Christmas 2013"]
[Site "Zurich SUI"]
[Date "2013.12.30"]
[Round "7.13"]
[White "Lekic, Dusan"]
[Black "Turner, Matthew J"]
[Result "0-1"]
[WhiteTitle "IM"]
[BlackTitle "GM"]
[WhiteElo "2417"]
[BlackElo "2509"]
[WhiteFideId "905330"]
[BlackFideId "402893"]
[EventDate "2013.12.26"]

1. d4 Nf6 2. c4 g6 3. Nc3 d5 4. Nf3 Bg7 5. cxd5 Nxd5 6. e4 Nxc3 7. bxc3 O-O 8.
Be2 c5 9. O-O b6 10. a4 Bb7 11. d5 Bxc3 12. Ra3 Bg7 13. Bc4 Ba6 14. Qe2 Bxc4 15.
Qxc4 Qc7 16. h4 Nd7 17. Bg5 Rfe8 18. Rd1 Ne5 19. Nxe5 Bxe5 20. h5 Qd7 21. hxg6
hxg6 22. Qc1 Qg4 23. f3 Qh5 24. Bf4 Rad8 25. g4 Qh8 26. Ra2 e6 27. Bg5 exd5 28.
Bxd8 Rxd8 29. exd5 Qh3 30. Kf2 Qg3+ 31. Kf1 Bd4 32. Rxd4 cxd4 33. Qg5 Re8 34.
Qd2 Re3 35. g5 Rxf3+ 36. Qf2 Rxf2+ 0-1

[Event "37th Zurich Christmas 2013"]
[Site "Zurich SUI"]
[Date "2013.12.30"]
[Round "7.16"]
[White "Mozharov, Mikhail"]
[Black "Knoedler, Dieter"]
[Result "1-0"]
[WhiteTitle "IM"]
[BlackTitle "FM"]
[WhiteElo "2535"]
[BlackElo "2319"]
[WhiteFideId "4189825"]
[BlackFideId "4606531"]
[EventDate "2013.12.26"]

1. c4 Nf6 2. g3 e6 3. Bg2 c5 4. Nf3 Nc6 5. O-O d5 6. cxd5 exd5 7. d4 Be7 8. Nc3
O-O 9. Bf4 c4 10. Ne5 Re8 11. Rc1 Bb4 12. Qa4 Bxc3 13. bxc3 Bd7 14. Nxd7 Qxd7
15. Rfe1 a6 16. Qc2 b5 17. f3 b4 18. e4 bxc3 19. Qxc3 h6 20. Rcd1 Rac8 21. Bc1
a5 22. Ba3 Nb4 23. Bxb4 axb4 24. Qxb4 c3 25. e5 Rc4 26. Qb3 c2 27. Rc1 Qa7 28.
Qe3 Qxa2 29. Bf1 Rc7 30. Bd3 Nh7 31. Re2 Rec8 32. Bf5 Rc3 33. Qf2 Qb2 34. Rcxc2
Rxc2 35. Bxc2 Qc1+ 36. Kg2 Nf8 37. Bb3 Rd8 38. f4 Qc3 39. Qe3 Qc8 40. Qd3 g6 41.
Rc2 Qb7 42. f5 gxf5 43. Rf2 Rd7 44. Bc2 Qb4 45. Qe3 Rc7 46. Bxf5 Rc3 47. Qxh6
Qxd4 48. Qg5+ 1-0

[Event "37th Zurich Christmas 2013"]
[Site "Zurich SUI"]
[Date "2013.12.30"]
[Round "7.17"]
[White "Pikula, Dejan"]
[Black "Wyss, Jonas"]
[Result "1-0"]
[WhiteTitle "GM"]
[BlackTitle "FM"]
[WhiteElo "2499"]
[BlackElo "2249"]
[WhiteFideId "906379"]
[BlackFideId "1311387"]
[EventDate "2013.12.26"]

1. e4 e6 2. d3 c5 3. Nf3 Nc6 4. g3 Nge7 5. Bg2 g6 6. O-O Bg7 7. c3 e5 8. a3 d6
9. b4 a6 10. bxc5 dxc5 11. a4 O-O 12. Na3 Na5 13. Be3 Qc7 14. Rb1 Rd8 15. Qc2 h6
16. Nd2 Be6 17. Rfd1 Rab8 18. Rb2 Qd6 19. Bf1 f5 20. f3 f4 21. Bf2 fxg3 22. hxg3
b6 23. Rdb1 Rf8 24. Be2 Nc8 25. Nac4 Nxc4 26. Nxc4 Bxc4 27. dxc4 a5 28. Rd1 Qc6
29. Qb3 Nd6 30. Rd5 Rb7 31. Qd1 Nc8 32. Rbd2 Kh7 33. Bf1 Rbf7 34. R2d3 Ne7 35.
Rd6 Qb7 36. Rd7 Qa6 37. Qb3 Nc8 38. Rxf7 Rxf7 39. Bh3 Rf6 40. Qd1 Ne7 41. Rd7
Nc6 42. Qd5 Qa8 43. Rc7 1-0

[Event "37th Zurich Christmas 2013"]
[Site "Zurich SUI"]
[Date "2013.12.30"]
[Round "7.21"]
[White "Leutwyler, Mathias"]
[Black "Doluhanova, Evgeniya"]
[Result "0-1"]
[BlackTitle "WGM"]
[WhiteElo "2051"]
[BlackElo "2350"]
[WhiteFideId "1311158"]
[BlackFideId "14112035"]
[EventDate "2013.12.26"]

1. e4 c5 2. c3 d5 3. exd5 Qxd5 4. d4 Nf6 5. Nf3 e6 6. Na3 Qd8 7. Nc2 Nc6 8. Bf4
Be7 9. dxc5 Qxd1+ 10. Rxd1 Bxc5 11. b4 Bb6 12. c4 e5 13. Be3 Bf5 14. Bxb6 Bxc2
15. Rd2 axb6 16. Rxc2 e4 17. b5 Nb4 18. Rb2 Nxa2 19. Nd2 Nc3 20. Nb3 Ra3 21. g3
O-O 22. Bg2 Rc8 23. O-O Rxc4 24. Nd2 Rd4 25. Re1 g6 26. h3 Na4 27. Rc2 Rc3 28.
Ra2 Nc5 29. g4 h6 30. Rb2 0-1

[Event "37th Zurich Christmas 2013"]
[Site "Zurich SUI"]
[Date "2013.12.30"]
[Round "7.25"]
[White "Zude, Erik"]
[Black "Arnelind, Mikael"]
[Result "1-0"]
[WhiteTitle "IM"]
[WhiteElo "2363"]
[BlackElo "2128"]
[WhiteFideId "4604644"]
[BlackFideId "1704290"]
[EventDate "2013.12.26"]

1. d4 Nf6 2. c4 e6 3. Nc3 Bb4 4. e3 O-O 5. Bd3 d5 6. Nf3 c5 7. O-O Nc6 8. a3
Bxc3 9. bxc3 dxc4 10. Bxc4 Qc7 11. Bb2 e5 12. h3 e4 13. Nd2 Na5 14. Ba2 c4 15.
Bb1 Re8 16. f3 Bf5 17. Qe1 Qb6 18. Ra2 Nb3 19. Nxc4 Qe6 20. Ne5 exf3 21. Bxf5
Qxf5 22. Rxf3 Qe6 23. c4 b5 24. Bc3 bxc4 25. e4 Rac8 26. Raf2 Rc7 27. Rxf6 gxf6
28. Ng4 a5 29. Qe3 Kf8 30. Nxf6 Rd8 31. d5 Qd6 32. e5 Qxa3 33. d6 1-0